Normal view
MARC view
Entry Nombre personal
001 - NÚMERO DE CONTROL
- campo de control: 83959
003 - IDENTIFICADOR DEL NÚMERO DE CONTROL
- campo de control: DO-SdBNP
005 - FECHA Y HORA DE LA ÚLTIMA TRANSACCIÓN
- campo de control: 20230815111924.0
008 - DATOS DE LONGITUD FIJA
- campo de control de longitud fija: 230815|| azz||aabn | a|a d
040 ## - FUENTE DE LA CATALOGACIÓN
- Centro catalogador/agencia de origen: DO-SdBNP
100 ## - ENCABEZAMIENTO-NOMBRE DE PERSONA
- Nombre de persona: Rosario Sánchez, Pablo Secundino
- Fechas asociadas al nombre: 1950
370 ## - LUGAR ASOCIADO
- Lugar de nacimiento: San Víctor, provincia Espaillat, República Domincana
